| 000 | 00000nam 2200000zi 4500 |
| 001 | 9.882388 |
| 003 | CaOODSP |
| 005 | 20250107144054 |
| 006 | m o d f |
| 007 | cr ||||||||||| |
| 008 | 191125e201910##onc obs f000 0 eng d |
| 040 | |aCaOODSP|beng|erda|cCaOODSP |
| 043 | |an-cn--- |
| 086 | 1 |aPS82-4/19-14E-PDF |
| 100 | 1 |aMotiuk, Laurence L. |q(Laurence Louis), |d1954- |eauthor. |
| 245 | 10|aOffender complaints and grievances in Canadian federal corrections / |cprepared by: Larry Motiuk and Andre Arnet-Zargarian. |
| 264 | 1|a[Ottawa] : |bCorrectional Service Canada = Service correctionnel Canada, |cOctober 2019. |
| 300 | |a1 online resource (1 unnumbered page). |
| 336 | |atext|btxt|2rdacontent |
| 337 | |acomputer|bc|2rdamedia |
| 338 | |aonline resource|bcr|2rdacarrier |
| 490 | 1 |aResearch in brief ; |vRIB-19-14 |
| 500 | |aTitle from caption. |
| 500 | |aIssued also in HTML format. |
| 500 | |a"Changing lives. Protecting Canadians." |
| 500 | |aIssued also in French under title: Plaintes et griefs des délinquants dans le système correctionnel fédéral canadien. |
| 504 | |aIncludes bibliographical references. |
| 520 | |a"Offender complaints and grievances being received have declined across all levels and priority in federal corrections"--Page [1]. |
| 650 | 0|aGrievance procedures for prisoners|zCanada|vStatistics. |
| 655 | 7|aStatistics|2lcgft |
| 710 | 1 |aCorrectional Service Canada. |bResearch Branch. |
| 775 | 08|tPlaintes et griefs des délinquants dans le système correctionnel fédéral canadien / |w(CaOODSP)9.882390 |
| 830 | #0|aResearch in brief (Correctional Service Canada)|vRIB-19-14.|w(CaOODSP)9.805030 |
| 856 | 40|qPDF|s63 KB|uhttps://publications.gc.ca/collections/collection_2019/scc-csc/PS82-4-19-14-eng.pdf |
| 856 | 4 |qHTML|sN/A|uhttps://www.csc-scc.gc.ca/research/rib-19-14-en.shtml |